000 006110000a22001930004500
999 _c60077
_d60077
001 768714001
003 CO-MdFUSB
005 20170725115702.0
008 170725s1994 ag ||||| |||| 00| 0 spa d
022 _a0122-2996
040 _aCO-MdFUSB
_bspa
_cCO-MdFUSB
_dCO-MdFUSB
041 _aspa
100 1 _aPérez de Camargo, Carmen
_eautor
245 1 0 _aBiblia y pastoral familiar
300 _aVolumen 26. Número 55 (1994), Páginas 187-201
_c22 cm.
546 _aTexto en español
773 0 _tBoletín Teológico
_049507
_961455
_gVolumen 26. Número 55 (1994), Páginas 187-201
_qPágina 187
942 _cANA